UM Logo

The chemist/ (Record no. 11804)

MARC details
000 -LEADER
fixed length control field 01635nam a22001697a 4500
008 - FIXED-LENGTH DATA ELEMENTS--GENERAL INFORMATION
fixed length control field 190107b ||||| |||| 00| 0 eng d
020 ## - INTERNATIONAL STANDARD BOOK NUMBER
International Standard Book Number 978-0-316-38783-5 hardcover
082 ## - DEWEY DECIMAL CLASSIFICATION NUMBER
Edition number 2016
Classification number DFic
Item number M575
100 ## - MAIN ENTRY--PERSONAL NAME
Personal name Meyer, Stephenie
9 (RLIN) 33624
245 ## - TITLE STATEMENT
Title The chemist/
Statement of responsibility, etc. Stephenie Meyer
260 ## - PUBLICATION, DISTRIBUTION, ETC. (IMPRINT)
Place of publication, distribution, etc. New York:
Name of publisher, distributor, etc. Little, Brown and Company,
Date of publication, distribution, etc. ©2016
300 ## - PHYSICAL DESCRIPTION
Extent 518 pages;
Dimensions 24 cm.
520 ## - SUMMARY, ETC.
Summary, etc. In this gripping page-turner, an ex-agent on the run from her former employers must take one more case to clear her name and save her life.<br/><br/>She used to work for the U.S. government, but very few people ever knew that. An expert in her field, she was one of the darkest secrets of an agency so clandestine it doesn't even have a name. And when they decided she was a liability, they came for her without warning.<br/><br/>Now she rarely stays in the same place or uses the same name for long. they've killed the only person she trusted, but something she knows still poses a threat. They want her dead, and soon.<br/><br/>When her former handler offers her a way out, she realizes it's her only chance to erase the giant target on her back. But it means taking one last job for her ex-employers. To her horror, the information she acquires makes her situation even more dangerous.<br/><br/>Resolving to meet the threat head-on, she prepares for the toughest fight of her life but finds herself falling for a man who can only complicate her likelihood of survival . As she sees her choices being rapidly whittled down, she must apply her unique talents in ways she never dreamed of.
650 ## - SUBJECT ADDED ENTRY--TOPICAL TERM
Topical term or geographic name as entry element FICTION
9 (RLIN) 33625
365 ## - TRADE PRICE
Price amount 230.00
Currency code Php
942 ## - ADDED ENTRY ELEMENTS (KOHA)
Source of classification or shelving scheme Dewey Decimal Classification
Koha item type Fiction
Holdings
Withdrawn status Lost status Source of classification or shelving scheme Damaged status Not for loan Collection code Home library Current library Shelving location Source of acquisition Cost, normal purchase price Total Checkouts Full call number Barcode Date last seen Date last checked out Copy number Price effective from Koha item type Date acquired
    Dewey Decimal Classification     Fiction UM Digos College - LIC UM Digos College - LIC Book Cart Purchased 230.00 2 DFic M575 2016 25380 05/15/2025 02/11/2019 1 01/07/2019 Fiction  
    Dewey Decimal Classification     Fiction UM Digos College - LIC UM Digos College - LIC Book Cart Purchased 230.00 1 DFic M575 2016 25971 05/15/2025 01/30/2025 2 10/06/2020 Fiction 11/22/2019